Goldman-Cecil medicine. Volume 1

שמור ב:
מידע ביבליוגרפי
פורמט: Sách
שפה:Undetermined
יצא לאור:  Houghton Mifflin Harcourt  2011
נושאים:
תגים: הוספת תג
אין תגיות, היה/י הראשונ/ה לתייג את הרשומה!
Thư viện lưu trữ: Trung tâm Thư viện - Trường Đại học Công nghiệp TP. Hồ Chí Minh
LEADER 00419nam a2200133Ia 4500
001 UIH_03865
008 231011s9999 xx 000 0 und d
082 |a  616 
245 0 |a  Goldman-Cecil medicine. Volume 1 
260 |b  Houghton Mifflin Harcourt 
260 |c  2011 
650 |a  Y học; Nội khoa;  
927 |a Sách 
980 |a Trung tâm Thư viện - Trường Đại học Công nghiệp TP. Hồ Chí Minh